000 00581nam a2200241 a 4500
001 nice12345678
003 IN_TiNIC
005 20260116011336.0
008 050524s1934 dela grp 000 0 eng
020 _a
_c100
082 0 0 _a346.5401
_bGOI1
100 _aGovt Of India,
245 _aIndian Divorce Act 1869
260 _aDelhi
_bGovt.Of India
_c1934
300 _a35p
500 _aincludes index and biblioraphy
505 2 _aMethodist church west africa
650 _aLaw-India
700 1 _aGovt Of India,
902 _bSRS
942 _cBK
999 _c682
_d682